00285nam a22001217a 4500082003100000100001100031245002600042250000800068260000900076300003300085526003700118650000800155 a624.15136bPUNcL-16, p-47 aPunmia aSoil Mechames & Found a6th c1980 axxiii. 873. p :bill. c33cm a0b0c0d624_151360000000000_PUN aMCE